01116nam a22003017a 4500003000900000005001700009008003800026020001500064040002200079082001500101100002700116245006900143260004000212300002000252500002200272504002700294650004900321650005100370650004300421650003700464650004900501910003700550942001200587945003800599952012500637956003500762999001700797DO-SdBNP20171128155029.0150817s 1979 xxu spa d a0671330837 aBPMSUbspacBPMSU axxxxbxxxx1 aBooher, Dianna Daniels10aCoping... when your family falls apart /cDianna Daniels Booher  aNew York : bJulian Messner,c1979. a126 p :c22 cm. aIncluye índice. aBiografía p: 117-120 4aEDUCACIÓN CÍVICAxENSEÑANZA SECUNDARIA 4aEDUCACIÓN SECUNDARIAzREPÚBLICA DOMINICANA 4aEDUCACIÓN ÍVICA xLIBROS DE TEXTOS 4aCÍVICA xESTUDIOS Y EJERCICIOS 4aEDUCACIÓN CÍVICAxEDUCACIÓN SECUNDARIA aValidado. Control de calidad MFF 2ddccBK aInventariado extranjero / 2017 YL 00102ddc40708CGaBPMETbBPMETd2017-11-28eDonado por Fundil0oxxxx xxxxpBPMSU17110514r2017-11-28w2017-11-28yBK aYLOCKWARDb10c20171128d00144 c13186d13186